La lengua y los textos 1 /

Guardado en:
Autor Principal: Rodríguez, María Elena
Otros Autores: Avendaño, Fernando, Aime, Susana, De Luca, Gabriel, Galdeano, Paula
Formato: Libro
Publicado: Buenos Aires : Santillana, 1995
Series:Secundaria
Materias:
Etiquetas: Agregar Etiqueta
Sin Etiquetas, Sea el primero en etiquetar este registro!
LEADER 01268nam a22003135a 4500
001 CEM.cems009100
008 130507s1995##################000#0#####d
005 20210928190740.0
003 CEMS
245 1 0 |a La lengua y los textos 1 /  |c Coordinado Por María Elena Rodríguez 
260 |a Buenos Aires :  |b Santillana,  |c 1995 
300 |a 189 p. 
490 0 |a Secundaria 
500 |a Para nivel Educación General Básica 
505 0 |a La noticia -- La definición -- La receta -- El mito -- El cuento -- La publicidad gráfica -- La publicidad televisiva -- La carta y la solicitud -- La historieta -- El chiste -- Novela en fotos -- Palabras cantadas -- Música en imagen 
020 |a 9504602851 
100 1 |a Rodríguez, María Elena 
700 1 |a Avendaño, Fernando 
700 1 |a Aime, Susana 
700 1 |a De Luca, Gabriel 
700 1 |a Galdeano, Paula 
082 0 4 |a 468 
653 |a Lengua 
653 |a Lengua-egb 
653 |a Lengua y literatura-egb 
859 |a CEMS  |b BIB. CEMS - Agricultura  |h 468  |i R618  |p A18860.96  |t Ej.1  |v 1  |3 1 
859 |a CEMS  |b BIB. CEMS - 11 de abril  |h 468  |i R618  |p 18716.95  |t Ej.1  |v I  |3 I 
859 |a CEMS  |b BIB. CEMS - 11 de abril  |h 468  |i R618  |p 18824.96  |t Ej.2  |v I  |3 I 
859 |a CEMS  |b BIB. CEMS - 11 de abril  |h 468  |i R618  |p 22150.03  |t Ej.3  |v I  |3 I